000 00210 a2200109 4500
020 _a9780152618759
041 _aspa
100 _aAncona, George
245 _aThe pinata maker
942 _cBK
999 _c29785
_d29783
999 _d29783